000 02573pam a2200301 i 4500
001 990228238670107026
003 UkOxU
005 20250827101750.0
008 211102s2022 enk 000|0aeng|d
015 _aGBC202754
_2bnb
016 7 _a020443861
_2Uk
020 _a9781529033793
_qpaperback
_cĐ9.99
035 _a(UkOxU)022823867
035 _a(UkOxU)022823867BIB01
035 _a(Uk)020443861
040 _aStDuBDS
_beng
_erda
_cStDuBDS
_dUkOxU
041 _aEnglish
100 _aZauner, Michelle,
_eauthor.
_925785
245 1 0 _aCrying in H Mart
_c/ Michelle Zauner.
264 1 _aLondon :
_bPicador,
_c2022.
300 _a239 pages ;
_c20 cm
520 _aThe New York Times bestseller from the Grammy-nominated indie rockstar Japanese Breakfast, an unflinching, deeply moving memoir about growing up mixed-race, Korean food, losing her Korean mother, and forging her own identity in the wake of her loss. 'As good as everyone says it is and, yes, it will have you in tears. An essential read for anybody who has lost a loved one, as well as those who haven't' – Marie–Claire In this exquisite story of family, food, grief, and endurance, Michelle Zauner proves herself far more than a dazzling singer, songwriter, and guitarist. With humour and heart, she tells of growing up the only Asian-American kid at her school in Eugene, Oregon; of struggling with her mother’s particular, high expectations of her; of a painful adolescence; of treasured months spent in her grandmother’s tiny apartment in Seoul, where she and her mother would bond, late at night, over heaping plates of food. As she grew up, moving to the east coast for college, finding work in the restaurant industry, performing gigs with her fledgling band – and meeting the man who would become her husband – her Koreanness began to feel ever more distant, even as she found the life she wanted to live. It was her mother’s diagnosis of terminal pancreatic cancer, when Michelle was twenty-five, that forced a reckoning with her identity and brought her to reclaim the gifts of taste, language, and history her mother had given her. Vivacious, lyrical and honest, Michelle Zauner’s voice is as radiantly alive on the page as it is onstage. Rich with intimate anecdotes that will resonate widely, Crying in H Mart is a book to cherish, share, and reread.
600 0 _aZauner, Michelle,
_925785
650 0 _aSingers
_zUnited States
_vBiography.
650 0 _aRock musicians
_zUnited States
_vBiography.
650 0 _aKorean Americans
_vBiography.
942 _2lcc
999 _c4875
_d4875